| 000 | 01096nam a2200265 a 4500 | ||
|---|---|---|---|
| 001 | 73209 | ||
| 003 | BD-RjUL | ||
| 005 | 20211209082349.0 | ||
| 008 | 170529s1974 au a b 100 0 eng d | ||
| 035 | _a(BD-RjUL)73427 | ||
| 040 |
_aDLC _cDLC _dBD-RjUL _beng |
||
| 041 | _aeng | ||
| 082 | 0 | 0 |
_a539.721 _223 _bPRO 1974 |
| 245 | 1 | 0 |
_aProgress in Particle Physics / _cEdited by Paul Urban Graz |
| 260 |
_aNew York : _bSpringer-Verlag, _cc1974. |
||
| 300 |
_avi, 773 p. : _bill. ; _c25 cm. |
||
| 500 | _a"Proceedings of the XIII. Internationale Universitätswochen für Kernphysik 1974 der Karl-Franzens-Universität Graz, at Schladming (Steiermark, Austria) 4th February-15th February 1974, sponsored by Bundesministerium für Wissenschaft und Forschung [and others]." | ||
| 504 | _aIncludes bibliographical references. | ||
| 650 | 0 |
_aParticles (Nuclear physics) _9216561 |
|
| 700 | 1 |
_aGraz, Paul Urban _d1905- _eed. _9216562 |
|
| 856 |
_3Acta physica Austriaca. _uSupplementum _y13 |
||
| 942 |
_2ddc _cBK |
||
| 999 |
_c73209 _d73209 |
||